LEADER 02171nam 22004573a 450 001 9910346829503321 005 20250203232819.0 035 $a(CKB)4920000000095321 035 $a(oapen)https://directory.doabooks.org/handle/20.500.12854/56400 035 $a(ScCtBLL)951d3bb1-9e9b-4747-b343-1171ed7e0ef1 035 $a(OCoLC)1126130551 035 $a(oapen)doab56400 035 $a(EXLCZ)994920000000095321 100 $a20250203i20052019 uu 101 0 $ager 135 $aurmn|---annan 181 $ctxt$2rdacontent 182 $cc$2rdamedia 183 $acr$2rdacarrier 200 00$aPlaton, Aristoteles und die neoklassische politische Philosophie der Gegenwart$fHenning Ottmann 205 $a1 ed. 210 $cNomos Verlagsgesellschaft mbH & Co. KG$d2005 210 1$aBaden-Baden :$cNomos Verlagsgesellschaft mbH & Co. KG,$d2005. 215 $a1 online resource (1 p.) 225 1 $aWürzburger Vorträge zur Rechtsphilosophie, Rechtstheorie und Rechtssoziologie 311 08$a9783832913588 311 08$a3832913580 311 08$a9783748902454 311 08$a374890245X 330 $a Die Untersuchung leistet eine Kritik der Irrtümer, die über sog. »normative« Politikwissenschaft in Umlauf sind. Die mit den Namen Arendt, Sternberger, Strauss, Voegelin sowie der Münchner-, der Freiburger- und der Ritter-Schule verbundene politische Philosophie wird oft irrtümlich als eine »normativ« ausgerichtete, antikizistische, antimoderne Lehre verstanden. Im Rückgriff auf die klassische Grundlage dieser Schulen in den politischen Philosophien des Platon und des Aristoteles wird demgegenüber gezeigt, daß die politischen Philosophien des 20. Jahrhunderts unterschiedliche Ziele verfolgen und auf unterschiedliche Weise auf die Moderne bezogen sind. 606 $aLaw / Reference$2bisacsh 606 $aLaw 615 7$aLaw / Reference 615 0$aLaw. 700 $aOttmann$b Henning$0152883 801 0$bScCtBLL 801 1$bScCtBLL 906 $aBOOK 912 $a9910346829503321 996 $aPlaton, Aristoteles und die neoklassische politische Philosophie der Gegenwart$93040458 997 $aUNINA